ბათუმის შოთა რუსთაველის სახელმწიფო უნივერსიტეტის ბიბლიოთეკა

The diplomatic system of the European Union : (ბიბ.ჩანაწერი № 59645)

000 -LEADER
fixed length control field 00832cam a2200217 i 4500
001 - CONTROL NUMBER
control field 18467133
005 - DATE AND TIME OF LATEST TRANSACTION
control field 20230328164138.0
008 - FIXED-LENGTH DATA ELEMENTS--GENERAL INFORMATION
fixed length control field 150128s2015 enk 000 0 eng
020 ## - INTERNATIONAL STANDARD BOOK NUMBER
International Standard Book Number 9780415732284x
041 ## - LANGUAGE CODE
Language code of text/sound track or separate title eng
080 ## - UNIVERSAL DECIMAL CLASSIFICATION NUMBER
Universal Decimal Classification number 327.217(4) The-44
245 04 - TITLE STATEMENT
Title The diplomatic system of the European Union :
Remainder of title evolution, change and challenges /
Statement of responsibility, etc. edited by Michael Smith, Stephan Keukeleire, and Sophie Vanhoonacker
264 #1 - PRODUCTION, PUBLICATION, DISTRIBUTION, MANUFACTURE, AND COPYRIGHT NOTICE
Place of production, publication, distribution, manufacture London ;
Name of producer, publisher, distributor, manufacturer Routledge,
Date of production, publication, distribution, manufacture, or copyright notice [2016].
300 ## - PHYSICAL DESCRIPTION
Extent 282 pages ;
Dimensions 24 cm.
653 ## - INDEX TERM--UNCONTROLLED
keyword დიპლომატია
653 ## - INDEX TERM--UNCONTROLLED
keyword ევრო კავშირი
700 1# - ADDED ENTRY--PERSONAL NAME
Personal name Smith, Michael
Dates associated with a name
Relator term რედაქტორი
9 (RLIN) 11325
700 1# - ADDED ENTRY--PERSONAL NAME
Personal name Keukeleire, Stephan
Relator term რედაქტორი
9 (RLIN) 10507
700 1# - ADDED ENTRY--PERSONAL NAME
Personal name Vanhoonacker, Sophie
Relator term რედაქტორი
9 (RLIN) 17299
942 ## - ADDED ENTRY ELEMENTS (KOHA)
Source of classification or shelving scheme
Koha item type წიგნი
ეგზემპლარები
Withdrawn status Lost status Source of classification or shelving scheme Damaged status Not for loan Permanent Location Current Location Shelving location Date acquired Cost, normal purchase price Full call number Barcode Date last seen Copy number Price effective from Koha item type Public note
          ბათუმის შოთა რუსთაველის სახელმწიფო უნივერსიტეტის მთავარი ბიბლიოთეკა ბათუმის შოთა რუსთაველის სახელმწიფო უნივერსიტეტის მთავარი ბიბლიოთეკა წიგნსაცავი 2023-03-28 25.00 327.217(4) The-44 64088 2023-03-28 64088 2023-03-28 წიგნი 25 ლ.
          ბათუმის შოთა რუსთაველის სახელმწიფო უნივერსიტეტის მთავარი ბიბლიოთეკა ბათუმის შოთა რუსთაველის სახელმწიფო უნივერსიტეტის მთავარი ბიბლიოთეკა წიგნსაცავი 2023-05-17 25.00 327.217(4) The-44 29488 2023-05-17 29488 2023-05-17 წიგნი 25.00